000 004460000a22001810004500
003 MACL
005 20160129125944.0
008 160129b xxu||||| |||| 00| 0 eng d
040 _aMACL
_cMACL
041 _aEnglish
082 _a005.16/BPB
100 _aBPB Publications
_933181
245 _aPC Complete
260 _bBPB Publications
_c1999
_aNew Delhi
350 _a199
650 _aComputer programing
_933180
942 _cBK
_k005/Bpb
_2ddc
999 _c33574
_d33574